| 000 | 00864nam a2200229 i 4500 | ||
|---|---|---|---|
| 001 | 89198 | ||
| 003 | ES-MaACL | ||
| 005 | 20250818235743.0 | ||
| 007 | t| | ||
| 008 | 050105s1970 sp ||||1| spa d | ||
| 100 | 1 |
_aLanger, Wolfgang. _970037 |
|
| 245 | 1 | 0 |
_aKerigma y catequesis _b: renovación teológica y didáctica de la enseñanza bíblica / _cWolfgang Langer ; [versión por Pedro Rafael Velasco Beteta]. |
| 260 |
_aEstella (Navarra) : _bVerbo Divino, _c[1970] |
||
| 300 |
_a232 p. ; _c19 cm. |
||
| 490 | 1 |
_aColección "Biblia y Kerygma". Temas de Pastoral Bíblica ; _v10 |
|
| 630 | 0 | 4 |
_aBiblia _9119237 |
| 700 | 1 |
_aVelasco Beteta, Pedro Rafael. _9113747 |
|
| 830 | 0 |
_aColección "Biblia y Kerygma". Temas de Pastoral Bíblica ; _v10 _9183845 |
|
| 852 |
_aES-MaACL _jE-5943 _bR.90249 |
||
| 852 |
_aES-MaACL _jP-565-Bis-10 |
||
| 999 |
_c89198 _d89198 |
||